Crisis del capitalismo neoliberal, poder constituyente y democracia real / (Registro nro. 5477)
[ vista simple ]
| 000 -LEADER | |
|---|---|
| fixed length control field | 01607nam a2200313Ia 4500 |
| 003 - CONTROL NUMBER IDENTIFIER | |
| control field | OSt |
| 005 - DATE AND TIME OF LATEST TRANSACTION | |
| control field | 20200609170812.0 |
| 008 - FIXED-LENGTH DATA ELEMENTS--GENERAL INFORMATION | |
| fixed length control field | 191128s9999 xx 000 0 und d |
| 020 ## - INTERNATIONAL STANDARD BOOK NUMBER | |
| International Standard Book Number | 9788496453791 |
| 082 04 - DEWEY DECIMAL CLASSIFICATION NUMBER | |
| Classification number | 330.122 / |
| Item number | C512c |
| Edition number | 23 |
| 100 1# - MAIN ENTRY--PERSONAL NAME | |
| Personal name | Chaves Giraldo, Pedro, |
| Relator term | editor |
| 9 (RLIN) | 5286 |
| 245 10 - TITLE STATEMENT | |
| Title | Crisis del capitalismo neoliberal, poder constituyente y democracia real / |
| Statement of responsibility, etc. | Pedro Chaves Giraldo, Carlos Prieto del Campo y René Ramírez Gallegos editores ; traducción Raúl Sánchez Cedillo, Jose María Amoroto Salida |
| 250 ## - EDITION STATEMENT | |
| Edition statement | Primera edición |
| 260 ## - PUBLICATION, DISTRIBUTION, ETC. | |
| Place of publication, distribution, etc. | Madrid : |
| Name of publisher, distributor, etc. | Traficantes de sueños, |
| Date of publication, distribution, etc. | 2013 |
| 300 ## - PHYSICAL DESCRIPTION | |
| Extent | 456 páginas : |
| Other physical details | gráficos a blanco y negro ; |
| Dimensions | 22 cm. |
| 490 0# - SERIES STATEMENT | |
| Series statement | Mapas ; |
| Volume/sequential designation | 37 |
| 500 ## - GENERAL NOTE | |
| General note | Incluye datos biográficos de los editores en la solapa |
| 504 ## - BIBLIOGRAPHY, ETC. NOTE | |
| Bibliography, etc. note | Bibliografía al final de cada capítulo. |
| 505 ## - FORMATTED CONTENTS NOTE | |
| Formatted contents note | La nueva economía de la explotación en el capitalismo global -- Política económica para la transformación social -- Estado, democracia y política: entre la globalización y la crisis sistémica del capitalismo histórico -- Plurinacionalidad, gobernanza |
| 650 14 - SUBJECT ADDED ENTRY--TOPICAL TERM | |
| Topical term or geographic name entry element | Capitalismo |
| General subdivision | Liberalización del intercambio |
| 9 (RLIN) | 5287 |
| 650 24 - SUBJECT ADDED ENTRY--TOPICAL TERM | |
| Topical term or geographic name entry element | Nuevo liberalismo |
| General subdivision | Poder constituyente |
| 9 (RLIN) | 5288 |
| 650 24 - SUBJECT ADDED ENTRY--TOPICAL TERM | |
| Topical term or geographic name entry element | Economía política |
| 9 (RLIN) | 5289 |
| 650 24 - SUBJECT ADDED ENTRY--TOPICAL TERM | |
| Topical term or geographic name entry element | Política económica |
| General subdivision | Globalización |
| 9 (RLIN) | 5290 |
| 700 1# - ADDED ENTRY--PERSONAL NAME | |
| Personal name | Prieto del Campo, Carlos, |
| Relator term | editor |
| 9 (RLIN) | 5291 |
| 700 1# - ADDED ENTRY--PERSONAL NAME | |
| Personal name | Ramírez Gallegos, René, |
| Relator term | editor |
| 9 (RLIN) | 5292 |
| 700 1# - ADDED ENTRY--PERSONAL NAME | |
| Personal name | Sánchez Cedillo, Raúl, |
| Relator term | traductor |
| 9 (RLIN) | 5293 |
| 700 1# - ADDED ENTRY--PERSONAL NAME | |
| Personal name | Amoroto Salida, Jose María, |
| Relator term | traductor |
| 9 (RLIN) | 5294 |
| 942 ## - ADDED ENTRY ELEMENTS (KOHA) | |
| Source of classification or shelving scheme | Dewey Decimal Classification |
| Koha item type | Books |
| Withdrawn status | Lost status | Source of classification or shelving scheme | Materials specified (bound volume or other part) | Damaged status | Not for loan | Home library | Current library | Shelving location | Date acquired | Source of acquisition | Cost, normal purchase price | Total Checkouts | Full call number | Barcode | Date last seen | Copy number | Price effective from | Koha item type |
|---|---|---|---|---|---|---|---|---|---|---|---|---|---|---|---|---|---|---|
| Dewey Decimal Classification | Donación--15/04/2018-- | Biblioteca Pública José María del Castillo y Rada | Biblioteca Pública José María del Castillo y Rada | General Stacks | 11/28/2019 | Donación | 0.00 | 330.122 / C512c | 430001966 | 05/16/2024 | Ej.1 | 11/28/2019 | Books |